Zálohovanie a archivácia dát v prostredí moodle

Možnosti zabezpečenia dát na všetkých administratívnych úrovniach e-learningového systému Moodle. Postup pri zálohovaní v LMS Moodle.

Salvato in:
Dettagli Bibliografici
Autore principale: Červenka, Peter, 1976-
Natura: Capitolo di libro
Lingua:slovacco
Soggetti:
Tags: Aggiungi Tag
Nessun Tag, puoi essere il primo ad aggiungerne!!

MARC

LEADER 00000nla$a2200000$$$4500
001 0145441
005 20240530102835.7
041 0 |a slo 
044 |a SK 
245 1 0 |a Zálohovanie a archivácia dát v prostredí moodle  |c Peter Červenka 
520 |a Možnosti zabezpečenia dát na všetkých administratívnych úrovniach e-learningového systému Moodle. Postup pri zálohovaní v LMS Moodle. 
610 2 0 |a technológie informačné 
610 2 0 |a technológie komunikačné 
610 2 0 |a systémy informačné 
610 2 0 |a organizácia súborov 
610 2 0 |a dáta 
610 2 0 |a spracovanie dát 
610 2 0 |a archivácia 
610 2 0 |a bezpečnosť informačná 
610 2 0 |a servery 
610 2 0 |a informatika 
100 1 |a Červenka, Peter, 1976-